Поле битвы. Решающие сражения в истории: пер. с англ.

Opis bibliograficzny
Kolejni autorzy: Холмс Р. (редактор), Эванс М.
Streszczenie:Книга рассказывает о наиболее драматических битвах, вошедших в анналы истории и изменивших ее ход. Повествование начинается с битвы при Мегиддо, в которой древние египтяне одержали победу над палестинцами, и завершается описанием Второй войны в Персидском заливе 2003 года. Более 300 сражений по всему миру — от Ближнего Востока, Азии и Африки до Европы и Америки. Каждая глава, посвященная битве, включает экскурс в историю региона, где произошло сражение, дает представление об историческом контексте битвы, ее тактических и технических особенностях, а также дает современные трактовки события. Сражения рассматриваются в рамках тех войн и военных кампаний, частью которых они были, давая читателю возможность увидеть все военные и исторические подоплеки происшедшего и вникнуть в детали. В книгу вошли сведения из наиболее авторитетных современных источников, описания знаменитых битв и сражений сопровождаются подробными картами и иллюстрациями.
Język:rosyjski
Wydane: СПб., Питер, 2009
Hasła przedmiotowe:
Format: Książka
KOHA link:https://koha.lib.tpu.ru/cgi-bin/koha/opac-detail.pl?biblionumber=169368

MARC

LEADER 00000nam0a2200000 4500
001 169368
005 20231101222824.0
010 |a 9785911808006 
035 |a (RuTPU)RU\TPU\book\183723 
090 |a 169368 
100 |a 20091111d2009 m y0rusy50 ca 
101 1 |a rus  |c eng 
102 |a RU 
105 |a a z 000zy 
200 1 |a Поле битвы. Решающие сражения в истории   |e пер. с англ.  |f под ред. Р. Холмса; М. Эванса 
210 |a СПб.  |c Питер  |d 2009 
215 |a 352 с.  |c ил. 
330 |a Книга рассказывает о наиболее драматических битвах, вошедших в анналы истории и изменивших ее ход. Повествование начинается с битвы при Мегиддо, в которой древние египтяне одержали победу над палестинцами, и завершается описанием Второй войны в Персидском заливе 2003 года. Более 300 сражений по всему миру — от Ближнего Востока, Азии и Африки до Европы и Америки. Каждая глава, посвященная битве, включает экскурс в историю региона, где произошло сражение, дает представление об историческом контексте битвы, ее тактических и технических особенностях, а также дает современные трактовки события. Сражения рассматриваются в рамках тех войн и военных кампаний, частью которых они были, давая читателю возможность увидеть все военные и исторические подоплеки происшедшего и вникнуть в детали. В книгу вошли сведения из наиболее авторитетных современных источников, описания знаменитых битв и сражений сопровождаются подробными картами и иллюстрациями. 
600 0 |a Александр Македонский (Великий)  |d III  |c полководец, царь Македонии 336-323 до н.э. из рода Аргеадов  |f 356-324 до н.э.  |2 stltpush  |3 (RuTPU)RU\TPU\pers\6841 
606 1 |a Войны  |x (история)  |2 stltpush  |3 (RuTPU)RU\TPU\subj\58887  |9 76581 
610 1 |a Древний мир 
610 1 |a греко-персидские войны 
610 1 |a пунические войны 
610 1 |a македонские войны 
610 1 |a гражданские войны 
610 1 |a Средневековая Европа 
610 1 |a англосаксонские войны 
610 1 |a крестовые походы 
610 1 |a войны Алой и Белой розы 
610 1 |a оттоманские войны 
610 1 |a религиозные войны 
610 1 |a французские революционные войны 
610 1 |a наполеоновские войны 
610 1 |a Первая мировая война 1914-1918 
610 1 |a Вторая мировая война 1939-1945 
610 1 |a Америка 
610 1 |a Азия 
610 1 |a Ближний Восток 
610 1 |a исламские войны 
610 1 |a Африка 
686 |a Т3(0)-6  |v LBC/SL-A  |2 rubbk 
702 1 |a Холмс  |b Р.  |4 340 
702 1 |a Эванс  |b М.  |4 340 
801 1 |a RU  |b 63413507  |c 20091111 
801 2 |a RU  |b 63413507  |c 20100414  |g RCR 
942 |c BK 
959 |a 100/20090928  |d 1  |e 210,00  |f ЧЗГЛ:1